000 00238nam a22000857a 4500
008 160713b xxu||||| |||| 00| 0 eng d
100 _92717
_aSally V.K
245 _aIIT Foundation Course Physics-9
260 _aNew Delhi
_bGoyal Publications
_c2011
999 _c2359
_d2359